Las siete palabras / (Record no. 144300)

MARC details
000 -LEADER
campo de control de longitud fija 00700nam a2200217 4500
001 - NÚMERO DE CONTROL
campo de control 144300
003 - IDENTIFICADOR DE NÚMERO DE CONTROL
campo de control ES-MaACL
005 - FECHA Y HORA DE LA ÚLTIMA TRANSACCIÓN
campo de control 20230906201004.0
007 - CAMPO FIJO DE DESCRIPCIÓN FÍSICA--INFORMACIÓN GENERAL
campo de control de longitud fija t|
008 - DATOS DE LONGITUD FIJA--INFORMACIÓN GENERAL
campo de control de longitud fija 070214s1972 sp r ||||1| spa d
245 04 - MENCIÓN DEL TÍTULO
Título Las siete palabras /
Mención de responsabilidad, etc. Sebastián García Díaz ... [et. al.].
260 ## - PUBLICACIÓN, DISTRIBUCIÓN, ETC.
Lugar de publicación, distribución, etc. Sevilla :
Nombre del editor, distribuidor, etc. Universidad de Sevilla,
Fecha de publicación, distribución, etc. 1972.
300 ## - DESCRIPCIÓN FÍSICA
Extensión 68 p. :
Otras características físicas il. ;
Dimensiones 19 cm.
490 1# - MENCIÓN DE SERIE
Mención de serie Anales de la Universidad Hispalense
600 14 - PUNTO DE ACCESO ADICIONAL DE MATERIA--NOMBRE DE PERSONA
Nombre de persona Jesucristo-
Subdivisión general Siete palabras.
9 (RLIN) 138139
700 1# - ENTRADA AGREGADA--NOMBRE PERSONAL
Nombre de persona García Díaz, Sebastián.
9 (RLIN) 54538
710 2# - ENTRADA AGREGADA--NOMBRE DE ENTIDAD CORPORATIVA
Nombre de entidad corporativa o nombre de jurisdicción como elemento de entrada Universidad de Sevilla.
9 (RLIN) 7301
830 1# - PUNTO DE ACCESO ADICIONAL DE SERIE-TÍTULO UNIFORME
Título uniforme Anales de la Universidad Hispalense
9 (RLIN) 187329
852 ## - LOCALIZACIÓN
Ubicación ES-MaACL
Número de control de estantería C-46446
Holdings
Estatus retirado Estado de pérdida Estado de daño No para préstamo Biblioteca de origen Biblioteca actual Ubicación en estantería Fecha de adquisición Fuente de adquisición Total de préstamos Signatura topográfica completa Código de barras Visto por última vez Precio de reemplazo Tipo de ítem Koha
        Biblioteca del Ateneo de Madrid Biblioteca del Ateneo de Madrid Depósito 2 17/01/2008     C-46446 1150132 23/02/2023 23/02/2023 Libro impreso